| 000 | 00698cam a22002531 4500 | ||
|---|---|---|---|
| 001 | 23150 | ||
| 003 | BD-RjUL | ||
| 005 | 20211209000910.0 | ||
| 008 | 140310s1957 xx 000 0 eng | ||
| 035 | _a(BD-RjUL)23215 | ||
| 035 | _a(OCoLC)322990 | ||
| 040 |
_aDLC _cODaWU _dOCoLC _dDLC _beng |
||
| 041 | 1 | _aengben | |
| 082 |
_a891.4 _bTAH 1957 |
||
| 100 | 1 |
_aTagore, Rabindranath, _d1861-1941. _971368 |
|
| 245 | 1 | 4 |
_aThe herald of spring / _cRabindranath Tagore |
| 260 |
_bJ. Murray, _c1957 _aLondon : |
||
| 300 |
_a83 p. ; _c14 cm. |
||
| 490 | 0 | _aWisdom of the East series | |
| 700 | 1 |
_aBose, Aurobindo, _etr. _968980 |
|
| 942 |
_2ddc _cBK |
||
| 999 |
_c23150 _d23150 |
||